Správa Európskeho parlamentu bez dekrétov spravodajca EP pre SR Wiersma upozornil na znepokojivo vysokú nezamestnanosť

Bibliographic Details
Main Author: Ďurianová, Nina (Author)
Format: Article
Language:Slovak
PhysicalDescription:Fotogr.
ISSN:1335-4701
Subjects:

MARC

LEADER 00000nab a2200000 a 4500
001 vtls000794082
003 SK-MaSNL
005 20260426082505.0
008 140301c2002 xo 0 slo
015 |a SNBRB2002/05-16286 
035 |a CLN000145737 
040 |a SNKBUCL  |b slo  |c SNKBUCL  |e AACR2 
041 0 |a slo 
044 |a xo  |c SK 
080 |a 327(437.6:4):327.39(4)  |2 1997 
080 |a 327.39(4)  |2 1997 
100 1 |a Ďurianová, Nina  |4 aut  |9 838499 
245 1 0 |a Správa Európskeho parlamentu bez dekrétov  |b spravodajca EP pre SR Wiersma upozornil na znepokojivo vysokú nezamestnanosť  |c Nina Ďurianová 
300 |b Fotogr. 
610 2 7 |a Európsky parlament  |2 SNKKA  |9 29808 
650 0 7 |a európska integrácia  |2 SNKPH  |9 2140 
651 7 |a Slovensko  |2 SNKPHgeo  |9 14231 
655 7 |a články z novín a časopisov  |2 snkbucl  |9 267496 
773 0 |t Hospodárske noviny  |g Roč. 10, č. 76 (19.-21.4.2002), s. 2  |x 1335-4701 
850 |a Slovenská národná knižnica v Martine 
852 |a SNK  |b KIS3GCP 
958 |a SK 
992 |a RBX 
999 |c 2876996  |d 2878926